Random Merchant Navy Quiz - Statistics

General Stats
  • This quiz has been taken 84 times
  • The average score is 6 of 15
Answer Stats
Hint Answer % Correct
What colour is a port light? Red
98%
What is the galley also know as? Kitchen
71%
What rank comes before Captain? Chief Officer
61%
What does B mean in the phonetic alphabet? Bravo
53%
Which direction should you alter if in a head on situation? Starboard
52%
What is the highest rank in the engineer department? Chief Engineer
50%
How many watchkeeping hours does the Captain do each day? Zero
30%
What flag should be hoist if you have a pilot onboard? Hotel
29%
What does GHA stand for? Greenwich Hour Angle
24%
In the ColRegs, which rule talks about safe speed? Rule 6
24%
What does UKC stand for? Under Keel Clearance
24%
What is the safety room called? Citadel
20%
What angle arc (in °) should both sidelights be visible from? 112.5
17%
What does TEU stand for? Twenty Equivalent Units
12%
Which lights should be shown by a minesweeper? Three green lights
11%
No matching quizzes found
Score Distribution
Percent of People with Each Score
Percentile by Number Answered
Your Score History
You have not taken this quiz